书目信息 |
| 题名: |
博弈论的诡计全集
|
|
| 作者: | 王春永 著 | |
| 分册: | ||
| 出版信息: | 北京 中国发展出版社 2011.09 |
|
| 页数: | 424页 | |
| 开本: | 24cm | |
| 丛书名: | ||
| 单 册: | ||
| 中图分类: | O225-49 | |
| 科图分类: | ||
| 主题词: | 博弈论--普及读物 , 博弈论 | |
| 电子资源: | ||
| ISBN: | 978-7-80234-386-3 | |
| 000 | 00974nam0 2200277 450 | |
| 001 | 010050021204 | |
| 005 | 20130609083740.21 | |
| 010 | @a978-7-80234-386-3@dCNY39.80 | |
| 035 | @a005544237 | |
| 100 | @a20111230d2011 em y0chiy0110 ea | |
| 101 | 0 | @achi |
| 102 | @aCN@b110000 | |
| 105 | @aa z 000yy | |
| 106 | @ar | |
| 200 | 1 | @a博弈论的诡计全集@9bo yi lun de gui ji quan ji@e日常生活中的博弈策略@e插图本@f王春永著 |
| 205 | @a修订版 | |
| 210 | @a北京@c中国发展出版社@d2011.09 | |
| 215 | @a424页@d24cm | |
| 330 | @a本书分走近博弈论、模型与策略选择、信息与机制设计三部分,包括“博弈论:删繁就简三春树”、“囚徒困境:如何破解背叛”、“斗鸡博弈:让对手知难而退”、“可信度:醋与毒酒的背后”等内容。 | |
| 517 | 1 | @a日常生活中的博弈策略@9ri chang sheng huo zhong de bo yi ce lue |
| 606 | 0 | @a博弈论@j普及读物 |
| 606 | 0 | @a博弈论 |
| 690 | @aO225-49@v4 | |
| 701 | 0 | @a王春永@9wang chun yong@f(197?~)@4著 |
| 801 | 0 | @aCN@bNLC@c20120214 |
| 905 | @dO225-49@e153=2 | |
| 博弈论的诡计全集:日常生活中的博弈策略:插图本/王春永著.-修订版.-北京:中国发展出版社,2011.09 |
| 424页;24cm |
| ISBN 978-7-80234-386-3:CNY39.80 |
| 本书分走近博弈论、模型与策略选择、信息与机制设计三部分,包括“博弈论:删繁就简三春树”、“囚徒困境:如何破解背叛”、“斗鸡博弈:让对手知难而退”、“可信度:醋与毒酒的背后”等内容。 |
| ● |
| 相关链接 |
|
|
|
|
正题名:博弈论的诡计全集
索取号:O225-49/153=2
 
预约/预借
| 序号 | 登录号 | 条形码 | 馆藏地/架位号 | 状态 | 备注 |
| 1 | 0545870 | 205458707 | 第二样本阅览室/ [索取号:O225-49/153=2] | 在馆 | |
| 2 | 0545871 | 205458716 | 第三借阅区/ [索取号:O225-49/153=2] | 在馆 | |
| 3 | 0545872 | 205458725 | 第三借阅区/ [索取号:O225-49/153=2] | 在馆 | |
| 4 | 0545873 | 205458734 | 第三借阅区/ [索取号:O225-49/153=2] | 在馆 | |
| 5 | 0545874 | 205458743 | 第三借阅区/ [索取号:O225-49/153=2] | 在馆 |